| 000 | 01157nam a2200301 a 4500 | ||
|---|---|---|---|
| 005 | 20160310145758.0 | ||
| 008 | 140303t1998 ck a fr|||| 00| 0 spa d | ||
| 040 |
_aCO-BoIAVH _cCO-BoIAVH |
||
| 041 | 0 | _aspa | |
| 044 | _ack | ||
| 082 | 0 | 4 |
_a580.28 _bV17g |
| 100 | 1 | _aValiente Banuet, Alfonso | |
| 245 | 1 | 0 |
_aGuía de excursiones Botánicas _cAlfonso Valiente-Banuet [y otros 8] |
| 260 |
_aCiudad de México : _bSociedad Botánica de México, _cc1998. |
||
| 300 |
_a108 páginas : _bilustraciones ; _c24 x 12 centímetros |
||
| 650 | 6 |
_aBotánica _vGuías, manuales, etc. _zMéxico |
|
| 650 | 4 |
_aBotánica _xexpediciones _vGuías, manuales, etc. _zMéxico |
|
| 700 | 1 |
_aTun Garrido, Juan _eautor |
|
| 700 | 1 |
_aMartínez, Mahinda _eautora |
|
| 700 | 1 |
_aNovelo, Alejandro _eautor |
|
| 700 | 1 |
_aBonilla, Jaime _eautor |
|
| 700 | 1 |
_aMartínez Pérez, José Luis _eautor |
|
| 700 | 1 |
_aVillamil Carrera, Cora _eautora |
|
| 700 | 1 |
_aSánchez Tamayo, Victoria _eautora |
|
| 700 | 1 |
_aNieto Pérez, Lourdes _eautora |
|
| 700 | 1 |
_aMagaña, Patricia _eeditora |
|
| 942 |
_cLIBRO _2ddc |
||
| 999 |
_c1892 _d1892 |
||